Manuel complet de l'enseignement mutuel ou Instructions pour les fondateurs et les directeurs des écoles d'enseignement mutuel / (Record no. 158653)

MARC details
000 -LEADER
campo de control de longitud fija 00622nam a22001575i 4500
001 - NÚMERO DE CONTROL
campo de control 158653
003 - IDENTIFICADOR DE NÚMERO DE CONTROL
campo de control ES-MaACL
005 - FECHA Y HORA DE LA ÚLTIMA TRANSACCIÓN
campo de control 20230906211245.0
008 - DATOS DE LONGITUD FIJA--INFORMACIÓN GENERAL
campo de control de longitud fija 040902s1834 fr |||| | fre d
040 ## - FUENTE DE CATALOGACIÓN
Centro catalogador/agencia de origen CAM
Lengua de catalogación spa
Centro/agencia transcriptor CAM
245 00 - MENCIÓN DEL TÍTULO
Título Manuel complet de l'enseignement mutuel ou Instructions pour les fondateurs et les directeurs des écoles d'enseignement mutuel /
Mención de responsabilidad, etc. par deux membres de l'université.
260 ## - PUBLICACIÓN, DISTRIBUCIÓN, ETC.
Lugar de publicación, distribución, etc. Paris :
Nombre del editor, distribuidor, etc. Paul Dupont :
-- Hachette,
Fecha de publicación, distribución, etc. 1834 (
Fabricante Imprimerie de Dupont et Laguionie)
300 ## - DESCRIPCIÓN FÍSICA
Extensión [8], 193 p. ;
Dimensiones 17 cm.
650 #4 - PUNTO DE ACCESO ADICIONAL DE MATERIA--TÉRMINO DE MATERIA
Término de materia o nombre geográfico como elemento de entrada Escuelas.
9 (RLIN) 136043
852 ## - LOCALIZACIÓN
Ubicación ES-MaACL
Número de control de estantería D-454
Nota libre -- Enc. pasta española
Holdings
Estatus retirado Estado de pérdida Estado de daño No para préstamo Colección Biblioteca de origen Biblioteca actual Ubicación en estantería Fecha de adquisición Fuente de adquisición Total de préstamos Signatura topográfica completa Código de barras Visto por última vez Precio de reemplazo Tipo de ítem Koha
        Libros del s. XIX Biblioteca del Ateneo de Madrid Biblioteca del Ateneo de Madrid Sala Valle Inclán 17/01/2008     D-454 901166060 23/02/2023 23/02/2023 Libro impreso antiguo